000 00673nam a2200253Ia 4500
003 OSt
005 20221005083105.0
006 a|||||r|||| 00| 0
007 ta
008 221004b |||||||| |||| 00| 0 eng d
024 _a31081
037 _cTextual
040 _aCRL
_cCRL
_beng
041 _2eng
_aeng
082 _a2:55, M4;1
100 _aChapman Liz
_945793
245 0 _aHow to catalogue
_b A practical handbook using AACR2 and library of congress
250 _a2nd
260 _aNew Delhi
_bUBS
_c1990
300 _a86p.
_ccm.
650 _aLIBRARY SCIENCE
942 _h2:55, M4;1
_cTEXL
_2cc
999 _c990304
_d990304